| 000 | 00823nac a22002291u 4500 | ||
|---|---|---|---|
| 010 | _a79023492 | ||
| 020 | _a812030618X | ||
| 082 | 0 | 0 |
_a629.8 _bG8769 |
| 090 |
_c1032 _d1032 |
||
| 100 | _aGroover, Mikell P., | ||
| 245 | 1 | 0 |
_aAutomation, production systems, and computer-aided manufacturing / _cMikell P. Groover. |
| 260 |
_aNew Delhi : _bPrentice-Hall of India, _c1999. |
||
| 300 |
_a808 p. : _bill. ; _c24 cm. |
||
| 504 | _aIncludes bibliographies and index. | ||
| 650 | 0 |
_aManufacturing processes _xAutomation. |
|
| 650 | 0 | _aProduction control. | |
| 650 | 0 | _aCAD/CAM systems. | |
| 650 | 0 | _aRobots, Industrial. | |
| 650 | 0 | _aGroup technology. | |
| 942 |
_cBB _k629.8G8769 |
||
| 999 |
_c1032 _d1032 |
||